000 00333nam a2200121Ia 4500
008 171211s9999 xx 000 0 und d
020 _a9789814670807
100 _aVanPutte, Cinnamon
245 _aSeeley's Essentials of Anatomy & Physiology
250 _a9th Edition
260 _bMcGraw-Hill Education
_c2016
300 _a586 pages
999 _c350902
_d350902